Izvoz spreman — 

Bản đồ học

保存先:
書誌詳細
第一著者: Ngô Đạt Tam
フォーマット: 図書
言語:Undetermined
出版事項: Hà Nội Giáo dục 1986
主題:
タグ: タグ追加
タグなし, このレコードへの初めてのタグを付けませんか!
Thư viện lưu trữ: Trung tâm Học liệu Trường Đại học Cần Thơ
LEADER 00433nam a2200169Ia 4500
001 CTU_1995
008 210402s9999 xx 000 0 und d
082 |a 526 
082 |b T104 
100 |a Ngô Đạt Tam 
245 0 |a Bản đồ học 
245 0 |c Ngô Đạt Tam 
260 |a Hà Nội 
260 |b Giáo dục 
260 |c 1986 
650 |a cartography 
980 |a Trung tâm Học liệu Trường Đại học Cần Thơ